Brawl Stars: Starpowers - Statistics

General Stats
  • This quiz has been taken 32 times
    31 since last reset
  • The average score is 27 of 116
Answer Stats
Brawler Starpower % Correct
Shelly Band Aid
85%
Shelly Shell Shock
70%
Dynamike Dyna Jump
55%
Emz Hype
55%
Nita Hyper Bear
50%
Poco Screeching Solo
50%
Spike Curveball
45%
Dynamike Demolition
45%
Piper Snappy Sniping
45%
Nita Bear With Me
40%
Poco Da Capo!
40%
Edgar Fisticuffs
40%
Stu Gaso Heal
40%
Edgar Hard Landing
40%
Colt Slick Boots
40%
Frank Sponge
40%
Piper Ambush
35%
Jacky Counter Crush
35%
El Primo El Fuego
35%
Jacky Hardy Hard Hat
35%
Colt Magnum Special
35%
Brock More Rockets!
35%
Surge Serve Ice Cold
35%
Surge To The Max!
35%
Tick Well Oiled
35%
Bull Berserker
30%
8-Bit Boosted Booster
30%
Leon Invisiheal
30%
Frank Power Grab
30%
Carl Protective Pirouette
30%
Rico Robo Retreat
30%
Brock Rocket Number 4
30%
Darryl Rolling Reload
30%
Bull Tough Guy
30%
Grom X-Factor
30%
Tick Automa-Tick Reload
25%
Gale Blustery Blow
25%
Crow Carrion Crow
25%
Bo Circling Eagle
25%
Mortis Coiled Snake
25%
Fang Divine Soles
25%
Jessie Energise
25%
Spike Fertilise
25%
Fang Fresh Kicks
25%
Sandy Healing Winds
25%
Bea Honeycomb
25%
Pam Mama's Hug
25%
Pam Mama's Squeeze
25%
El Primo Meteor Rush
25%
8-Bit Plugged In
25%
Colette Push It
25%
Sandy Rude Sands
25%
Jessie Shocky
25%
Bo Snare A Bear
25%
Rosa Thorny Gloves
25%
Emz Bad Karma
20%
Bonnie Black Powder
20%
Barley Extra Noxious
20%
Belle Grounded
20%
Penny Heavy Coffers
20%
Ash Mad As Heck
20%
Gene Magic Puffs
20%
Byron Malaise
20%
Barley Medical Use
20%
Rosa Plant Life
20%
Darryl Steel Hoops
20%
Rico Super Bouncy
20%
Stu Zero Drag
20%
Nani Auto Focus
15%
Bibi Batting Stance
15%
Tara Black Portal
15%
Buzz Eyes Sharp
15%
Ash First Bash
15%
Meg Heavy Metal
15%
Bibi Home Run
15%
Lou Hypothermia
15%
Griff Keep the Change
15%
Sprout Overgrowth
15%
Gene Spirit Slap
15%
Lou Super Cool
15%
Buzz Tougher Torpedo
15%
Eve Unnatural Order
15%
Bonnie Wisdom Tooth
15%
Col. Ruffs Air Superiority
10%
Griff Business Resilience
10%
Squeak Chain Reaction
10%
Mortis Creepy Harvest
10%
Crow Extra Toxic
10%
Grom Foot Patrol
10%
Gale Freezing Snow
10%
Eve Happy Surprise
10%
Tara Healing Shade
10%
Lola Improvise
10%
Byron Injection
10%
Otis Ink Refills
10%
Bea Insta Bee-load
10%
Sprout Photosynthesis
10%
Mr. P Revolving Door
10%
Max Run N Gun
10%
Lola Sealed With A Kiss
10%
Leon Smoke Trail
10%
Janet Stage View
10%
Max Super Charged
10%
Squeak Super Sticky
10%
Nani Tempered Steel
10%
Janet Vocal Warm-Up
10%
Amber Wild Flame
10%
Meg Force Field
5%
Mr. P Handle With Care
5%
Colette Mass Tax
5%
Belle Positive Feedback
5%
Carl Power Hook
5%
Amber Scorchin Siphon
5%
Col. Ruffs Air Promotion
0%
Penny Master Lander
0%
Otis Stencil Glue
0%
No matching quizzes found
Score Distribution
Percent of People with Each Score
Percentile by Number Answered
Your Score History
You have not taken this quiz since the last reset